[Event "Leiden LCT op-A 11th"]
[Site "Leiden"]
[Date "2017.07.21"]
[Round "7"]
[White "Van der Eyk, Dick"]
[Black "Madurga Lopez, Ignacio"]
[Result "0-1"]
[WhiteElo "2010"]
[BlackElo "2071"]
[PlyCount "62"]
[EventDate "2017.07.14"]
[EventType "swiss"]
[EventRounds "9"]
[EventCountry "NED"]
[SourceTitle "EXT 2018"]
[Source "ChessBase"]
[SourceDate "2017.10.13"]
[SourceVersion "1"]
[SourceVersionDate "2017.10.13"]
[SourceQuality "1"]

1. c4 e5 2. Nc3 Nc6 3. g3 g6 4. Bg2 Bg7 5. e4 d6 6. Nge2 Nge7 7. 0-0 Be6 8. d3 Qd7 9. b4 Nxb4 10. Rb1 c5 11. a3 Nbc6 12. Nd5 Rb8 13. Bg5 Bxd5 14. cxd5 Nd4 15. Nxd4 exd4 16. h4 b5 17. h5 h6 18. Bxe7 Qxe7 19. hxg6 fxg6 20. Bh3 0-0 21. Be6+ Kh7 22. Kg2 c4 23. Rh1 c3 24. a4 b4 25. a5 Qc7 26. Qa4 c2 27. Rhc1 cxb1Q 28. Rxc7 Qxd3 29. f4 Qxe4+ 30. Kh3 Qh1+ 31. Kg4 Qh5# 0-1

[Event "Vlissingen HZ op 19th"]
[Site "Vlissingen"]
[Date "2015.08.05"]
[Round "6"]
[White "Van der Eyk, Dick"]
[Black "Bezemer, Arno J"]
[Result "1/2-1/2"]
[WhiteElo "2014"]
[BlackElo "2305"]
[PlyCount "65"]
[EventDate "2015.08.01"]
[EventType "swiss"]
[EventRounds "9"]
[EventCountry "NED"]
[SourceTitle "CBM 167 Extra"]
[Source "ChessBase"]
[SourceDate "2015.09.14"]
[SourceVersion "1"]
[SourceVersionDate "2015.09.14"]
[SourceQuality "1"]

1. c4 g6 2. Nc3 c5 3. g3 Bg7 4. Bg2 Nc6 5. e4 d6 6. Nge2 Nf6 7. 0-0 Nd7 8. d3 Nf8 9. f4 Ne6 10. Be3 Ned4 11. Qd2 0-0 12. Rad1 Bd7 13. h3 a6 14. g4 f5 15. exf5 gxf5 16. g5 b5 17. Ng3 Rb8 18. b3 b4 19. Nce2 a5 20. Nxd4 Nxd4 21. Ne2 e5 22. Nxd4 cxd4 23. Bf2 Qc7 24. Bd5+ Kh8 25. Bg3 Rbe8 26. Rde1 Re7 27. Qg2 Be8 28. h4 Bh5 29. Bf3 Bxf3 30. Qxf3 Qd7 31. h5 h6 32. Bh4 e4 33. Qh3 1/2-1/2

[Event "Leiden LCT op-A 4th"]
[Site "Leiden"]
[Date "2010.07.18"]
[Round "9"]
[White "Konings, Leon"]
[Black "Van der Eyk, Dick"]
[Result "1/2-1/2"]
[WhiteElo "2260"]
[BlackElo "2004"]
[PlyCount "70"]
[EventDate "2010.07.09"]
[EventType "swiss"]
[EventRounds "9"]
[EventCountry "NED"]
[SourceTitle "CBM 137 Extra"]
[Source "ChessBase"]
[SourceDate "2010.09.01"]
[SourceVersion "1"]
[SourceVersionDate "2010.09.01"]
[SourceQuality "1"]

1. d4 c5 2. d5 Nf6 3. c4 b5 4. Nf3 g6 5. Bf4 d6 6. Nbd2 Bg7 7. Qc2 0-0 8. e4 Nbd7 9. h3 Nb6 10. Be2 bxc4 11. Nxc4 Nxc4 12. Bxc4 Rb8 13. Bd2 Qb6 14. Bc3 Ba6 15. Nd2 Rfe8 16. 0-0 Bb7 17. Rae1 Rbd8 18. Nb3 Qc7 19. Ba5 Qd7 20. Qe2 Nh5 21. Bb5 Nf4 22. Qc4 Nxh3+ 23. gxh3 Qxh3 24. Re3 Qh4 25. Kg2 Be5 26. Rh1 Qg4+ 27. Rg3 Bxg3 28. fxg3 f5 29. Rh4 Qd1 30. Bxd8 fxe4 31. Qxe4 Bxd5 32. Bc4 Qc2+ 33. Kh3 Qxc4 34. Qxc4 Bxc4 35. Rxc4 Rxd8 1/2-1/2